Obras satíricas y festivas / (Record no. 114541)

MARC details
000 -LEADER
campo de control de longitud fija 00902nam a2200217 i 4500
001 - NÚMERO DE CONTROL
campo de control 114541
003 - IDENTIFICADOR DE NÚMERO DE CONTROL
campo de control ES-MaACL
005 - FECHA Y HORA DE LA ÚLTIMA TRANSACCIÓN
campo de control 20240523063033.0
007 - CAMPO FIJO DE DESCRIPCIÓN FÍSICA--INFORMACIÓN GENERAL
campo de control de longitud fija t|
008 - DATOS DE LONGITUD FIJA--INFORMACIÓN GENERAL
campo de control de longitud fija 070308s1958 sp ||||1| spa d
100 1# - ENTRADA PRINCIPAL--NOMBRE DE PERSONA
Nombre de persona Quevedo, Francisco de,
Fechas asociadas al nombre 1580-1645
9 (RLIN) 94591
245 10 - MENCIÓN DEL TÍTULO
Título Obras satíricas y festivas /
Mención de responsabilidad, etc. Francisco de Quevedo ; edición, noticia preliminar y notas de José Bergua.
260 ## - PUBLICACIÓN, DISTRIBUCIÓN, ETC.
Lugar de publicación, distribución, etc. Madrid :
Nombre del editor, distribuidor, etc. Ibéricas,
Fecha de publicación, distribución, etc. [1958]
300 ## - DESCRIPCIÓN FÍSICA
Extensión 2 v. ;
Dimensiones 17 cm.
490 1# - MENCIÓN DE SERIE
Mención de serie Biblioteca de bolsillo
505 8# - NOTA DE CONTENIDO CON FORMATO
Nota de contenido con formato Contiene: V. 1. Los sueños ; Discursos festivos -- v. 2. Historia de la vida del buscón llamado D. Pablos ; La hora de todos y la fortuna con seso ; Cuento de cuentos ; La culta Latiniparla ; Pragmática del año 1600.
700 1# - ENTRADA AGREGADA--NOMBRE PERSONAL
Nombre de persona Bergua, José.
9 (RLIN) 28017
830 0# - PUNTO DE ACCESO ADICIONAL DE SERIE-TÍTULO UNIFORME
Título uniforme Biblioteca de Bolsillo
9 (RLIN) 177945
852 ## - LOCALIZACIÓN
Ubicación ES-MaACL
Número de control de estantería C-16840-1
Sublocalización o colección R.41806
Holdings
Estatus retirado Estado de pérdida Estado de daño No para préstamo Biblioteca de origen Biblioteca actual Ubicación en estantería Fecha de adquisición Fuente de adquisición Total de préstamos Signatura topográfica completa Código de barras Visto por última vez Precio de reemplazo Tipo de ítem Koha
        Biblioteca del Ateneo de Madrid Biblioteca del Ateneo de Madrid Mesetón 17/01/2008     C-16840-1 1119450 23/02/2023 23/02/2023 Libro impreso